000 00583nam a2200181Ia 4500
003 GCL
008 140319s9999 xx 000 0 ara d
040 _aGCL /
_cGCL
082 0 4 _a347
_bا ت
100 1 _aاحمد عبدالظاهر الطيب
245 1 0 _aالتشريعات الجنائية الخاصة /
_cاحمد عبدالظاهر الطيب
260 _a[S.N] :
_bالمكتبة القانونية ،
_c1990
300 _a1712
490 _a
650 0 4 _aالقانون الجنائى
650 0 4 _aقانون الاجراءات الجنائية
942 _2ddc
_cBK
999 _c51336
_d51336